| 000 | 00734nam a2200265Ia 4500 | ||
|---|---|---|---|
| 001 | 19368 | ||
| 005 | 20240113235927.0 | ||
| 007 | ta | ||
| 008 | 060208s1972 a g b000 u 465 u | ||
| 040 | _aCotton College,Assam | ||
| 041 | _a465 | ||
| 082 |
_a891.41 _bG 557 Sa |
||
| 100 | _aGogoi, Lila . | ||
| 245 | 0 |
_aSanskrit Sahityar Buranji / _cLila Gogoi. _hTextual Documents |
|
| 250 | _a1st ed. / | ||
| 260 |
_aSibsagarh(Assam) : _bNew Book Stall , _c1972. |
||
| 300 |
_a128p. : _bill ; _c21cm . |
||
| 653 | _aAssamese Essays | ||
| 653 | _aAssamese Literature | ||
| 653 | _aEssays-Assamese Literature, Culture and History | ||
| 653 | _aMS-Assamese | ||
| 942 |
_2ddc _cBK |
||
| 999 |
_c19350 _d19350 |
||